5HLuxD.jpg

KING HENRY VIII SENIOR AND PRIMARY SCHOOL LIBRARY OPAC

ANIMAL ATLAS (Record no. 4102)

000 -LEADER
fixed length control field 01193nam a22002897a 4500
005 - DATE AND TIME OF LATEST TRANSACTION
control field 20251008114208.0
008 - FIXED-LENGTH DATA ELEMENTS--GENERAL INFORMATION
fixed length control field 251008b ||||| |||| 00| 0 eng d
020 ## - INTERNATIONAL STANDARD BOOK NUMBER
International Standard Book Number 9780241283851
040 ## - CATALOGING SOURCE
Transcribing agency KH8
082 ## - DEWEY DECIMAL CLASSIFICATION NUMBER
Classification number 591 DK
100 ## - MAIN ENTRY--PERSONAL NAME
Personal name DK
Relator term -1
245 ## - TITLE STATEMENT
Title ANIMAL ATLAS
260 ## - PUBLICATION, DISTRIBUTION, ETC.
Place of publication, distribution, etc. NEW YORK
Name of publisher, distributor, etc. DK
Date of publication, distribution, etc. 2023
300 ## - PHYSICAL DESCRIPTION
Extent 192 Pages
Other physical details illustrations (some color), maps (some color)
Dimensions 31 cm
500 ## - GENERAL NOTE
General note Includes index
505 ## - FORMATTED CONTENTS NOTE
Formatted contents note Animal Kingdom -- Mammals -- Birds -- Reptiles and Amphibians -- Fish -- Invertebrates -- Conservation.
520 ## - SUMMARY, ETC.
Summary, etc. "Explore the fascinating world of animals, from mammals to reptiles, in this comprehensive guide. Beautifully illustrated with maps and detailed images, this atlas offers a close look at animal habitats, behavior, and conservation."
521 ## - TARGET AUDIENCE NOTE
Target audience note For children 8 and up.
650 ## - SUBJECT ADDED ENTRY--TOPICAL TERM
Source of heading or term Animal Geography
Topical term or geographic name entry element Juvenile literature
650 ## - SUBJECT ADDED ENTRY--TOPICAL TERM
Source of heading or term Animals
Topical term or geographic name entry element Juvenile literature
650 ## - SUBJECT ADDED ENTRY--TOPICAL TERM
Source of heading or term Zoology
Topical term or geographic name entry element Juvenile literature
655 ## - INDEX TERM--GENRE/FORM
Genre/form data or focus term Atlases
655 ## - INDEX TERM--GENRE/FORM
Genre/form data or focus term Juvenile Works
700 ## - ADDED ENTRY--PERSONAL NAME
Personal name Maltings Partnership ,Molly Lattin, Bettina Myklebust Stovne, Oliver Magee
Relator term Illustrator
700 ## - ADDED ENTRY--PERSONAL NAME
Personal name Jeongeun Park
Relator term Map Illustrator
942 ## - ADDED ENTRY ELEMENTS (KOHA)
Source of classification or shelving scheme
Koha item type Books - Non Ficton
Holdings
Withdrawn status Lost status Source of classification or shelving scheme Damaged status Not for loan Collection code Permanent Location Current Location Shelving location Date acquired Total Checkouts Full call number Barcode Date last seen Date last checked out Price effective from Koha item type Public note
          Non-Fiction KH8 Primary School Library KH8 Primary School Library Non Fiction 2025-01-21 7 591 DK KHPL000005002 2026-03-03 2026-02-23 2025-01-21 Books - Non Ficton KH8 PRIMARY LIBRARY

Powered By KH8 IT Dept